000 00942nam a22002055i 4500
001 162071
003 ES-MaACL
005 20230906212424.0
008 020124s1861 sp |||| | spa d
040 _aCAM
_bspa
_cCAM
100 1 _aPicón, José.
_991876
245 1 0 _aAnarquía conyugal
_b: zarzuela en un acto y en verso /
_cletra de José Picon ; música del maesto Joaquín Gaztambide.
260 _aMadrid :
_b[s.n.],
_c1861 (
_fImprenta de Cristobal Gonzalez)
300 _a52 p. ;
_c18 cm.
500 _aEn port.: Representada en el Teatro de la Zarzuela, en el mes de abril de 1861.
500 _aSolo la letra.
596 _aAl v. de port. consta : "...Centro General de Administración..."
700 0 _aGaztambide, Joaquín.
_956168
852 _aES-MaACL
_jF-8632(5)
_z-- Enc. pasta española
_q-- Falto de la cub. original
_z-- Enc. en un vol. facticio formando parte de la col. facticia "Teatro español moderno", vol. 87
999 _c162071
_d162071